Erfolgreich verkaufen

Gespeichert in:
Bibliographische Detailangaben
Format: Buch
Sprache:Deutsch
Veröffentlicht: Wien, Leipzig Carl Gerold's Sohn 1932
Tags: Tag hinzufügen
Keine Tags, Fügen Sie das erste Tag hinzu!

MARC

LEADER 00000nam a2200000 4500
001 0303384
005 20240807081202.5
041 0 |a ger 
044 |a AT 
245 1 0 |a Erfolgreich verkaufen  |c G. Orel 
264 1 |a Wien, Leipzig  |b Carl Gerold's Sohn  |c 1932